[Event "Titled Tuesday intern op 08th Aug Early"]
[Site "Chess.com INT"]
[Date "2023.08.08"]
[Round "1"]
[White "Gan Od, Sereenen"]
[Black "Stojanovski, Sandi"]
[Result "1-0"]
[WhiteElo "2320"]
[BlackElo "2179"]
[PlyCount "89"]
[EventDate "2023.08.08"]
[EventType "swiss (blitz)"]
[EventRounds "11"]
[EventCountry "USA"]
[SourceTitle "EXT 2024"]
[Source "ChessBase"]
[SourceDate "2023.10.10"]
[SourceVersion "1"]
[SourceVersionDate "2023.10.10"]
[SourceQuality "1"]

1. c4 e6 2. Nf3 d5 3. g3 Nf6 4. Bg2 c5 5. 0-0 Nc6 6. d3 Be7 7. Bg5 0-0 8. Nc3 h6 9. Bf4 b6 10. Ne5 Nxe5 11. Bxe5 Bb7 12. Qb3 dxc4 13. dxc4 Bxg2 14. Kxg2 Qd7 15. Qb5 Qb7+ 16. f3 Rfd8 17. Rfd1 Ng4 18. Bf4 Bg5 19. h3 Ne3+ 20. Bxe3 Bxe3 21. Qb3 Bd4 22. Rd3 Bxc3 23. Qxc3 Rd7 24. Rad1 Rad8 25. Kf2 Qc6 26. b3 Rd6 27. Qe5 Rxd3 28. Rxd3 Rxd3 29. exd3 Qd7 30. Ke2 Kf8 31. g4 Kg8 32. h4 Qe7 33. g5 hxg5 34. hxg5 g6 35. a4 a5 36. f4 Qd8 37. Ke3 Kh7 38. d4 cxd4+ 39. Qxd4 Qc7 40. Qf6 Qc5+ 41. Kd3 Qd6+ 42. Qd4 Qc7 43. Ke3 Qc5 44. Qxc5 bxc5 45. b4 1-0

[Event "Titled Tuesday intern op 11th Apr Early"]
[Site "Chess.com INT"]
[Date "2023.04.11"]
[Round "6"]
[White "Estrada Nieto, Julian"]
[Black "Gan Od, Sereenen"]
[Result "0-1"]
[WhiteElo "2217"]
[BlackElo "2320"]
[PlyCount "70"]
[EventDate "2023.04.11"]
[EventType "swiss (blitz)"]
[EventRounds "11"]
[EventCountry "USA"]
[SourceTitle "CBM 213 Extra"]
[Source "ChessBase"]
[SourceDate "2023.05.31"]
[SourceVersion "1"]
[SourceVersionDate "2023.05.31"]
[SourceQuality "1"]

1. e4 Nc6 2. Nf3 d5 3. exd5 Qxd5 4. Nc3 Qa5 5. d4 Bg4 6. Bb5 0-0-0 7. Bxc6 bxc6 8. Qe2 Nf6 9. Bd2 e6 10. h3 Bh5 11. g4 Bg6 12. Ne5 Qb6 13. 0-0-0 Nd7 14. Na4 Qb5 15. Qxb5 cxb5 16. Nc3 Nxe5 17. dxe5 b4 18. Nb5 Rd5 19. c4 Rxe5 20. Bf4 Re4 21. Bxc7 Rxc4+ 22. Kd2 Rc2+ 23. Ke1 Bc5 24. Bg3 Rxb2 25. Rc1 Bc2 26. Bd6 Bxd6 27. Nxd6+ Kb8 28. Nxf7 Rc8 29. Nd6 Rc3 30. h4 Bd3 31. Ra1 Re2+ 32. Kd1 Rxf2 33. Re1 Kc7 34. Ne4 Bc2+ 35. Kc1 Bxe4+ 0-1

[Event "Titled Tuesday intern op 11th Apr Early"]
[Site "Chess.com INT"]
[Date "2023.04.11"]
[Round "4"]
[White "Warchol, Kamil"]
[Black "Gan Od, Sereenen"]
[Result "0-1"]
[WhiteElo "2173"]
[BlackElo "2320"]
[PlyCount "76"]
[EventDate "2023.04.11"]
[EventType "swiss (blitz)"]
[EventRounds "11"]
[EventCountry "USA"]
[SourceTitle "CBM 213 Extra"]
[Source "ChessBase"]
[SourceDate "2023.05.31"]
[SourceVersion "1"]
[SourceVersionDate "2023.05.31"]
[SourceQuality "1"]

1. e4 c6 2. c4 d5 3. cxd5 cxd5 4. exd5 Qxd5 5. Nc3 Qd8 6. d4 Nf6 7. Nf3 e6 8. Bd3 Be7 9. 0-0 0-0 10. a3 b6 11. Bf4 Bb7 12. Bg3 Nc6 13. Rc1 Rc8 14. Bb1 Na5 15. Ne5 g6 16. Qd3 Nc6 17. Rfd1 Nd5 18. Ba2 Nxe5 19. Bxe5 Nxc3 20. Rxc3 Rxc3 21. Qxc3 Qd7 22. d5 exd5 23. Qd4 Rd8 24. Bh8 Bf8 25. Bf6 Re8 26. h3 Qf5 27. Bb1 Qc8 28. Ba2 Qe6 29. Bg5 Bc5 30. Qd2 Qe2 31. Qxe2 Rxe2 32. Bxd5 Rxf2 33. Kh1 Bxd5 34. Rxd5 f6 35. Bd2 Kf7 36. Kh2 Ke6 37. Rd8 Bd6+ 38. Kg1 Rxd2 0-1

[Event "Titled Tuesday intern op 04th Oct Early"]
[Site "Chess.com INT"]
[Date "2022.10.04"]
[Round "6"]
[White "Gan Od, Sereenen"]
[Black "Demin, Vladimir"]
[Result "1-0"]
[WhiteElo "2320"]
[BlackElo "2430"]
[PlyCount "41"]
[EventDate "2022.10.04"]
[EventType "swiss (blitz)"]
[EventRounds "11"]
[EventCountry "USA"]
[SourceTitle "EXT 2023"]
[Source "ChessBase"]
[SourceDate "2022.10.05"]
[SourceVersion "1"]
[SourceVersionDate "2022.10.05"]
[SourceQuality "1"]

1. e4 Nf6 2. e5 Nd5 3. Nc3 Nxc3 4. bxc3 d6 5. exd6 cxd6 6. d4 g6 7. h4 h5 8. Bd3 Bg7 9. Nh3 Bg4 10. Be2 Qa5 11. Bd2 Bh6 12. Bxg4 Bxd2+ 13. Kxd2 hxg4 14. Qxg4 Nc6 15. Ng5 e5 16. Rae1 f5 17. Qf3 Rc8 18. Qd3 e4 19. Qg3 Nxd4 20. Nxe4 Kd7 21. Qxd6+ 1-0

[Event "Titled Tuesday intern op 04th Oct Early"]
[Site "Chess.com INT"]
[Date "2022.10.04"]
[Round "5"]
[White "Malyi, Viacheslav"]
[Black "Gan Od, Sereenen"]
[Result "0-1"]
[WhiteElo "2391"]
[BlackElo "2320"]
[PlyCount "84"]
[EventDate "2022.10.04"]
[EventType "swiss (blitz)"]
[EventRounds "11"]
[EventCountry "USA"]
[SourceTitle "EXT 2023"]
[Source "ChessBase"]
[SourceDate "2022.10.05"]
[SourceVersion "1"]
[SourceVersionDate "2022.10.05"]
[SourceQuality "1"]

1. e4 c5 2. Nf3 d6 3. d4 cxd4 4. Nxd4 Nf6 5. Nc3 g6 6. Be3 Bg7 7. f3 Nc6 8. Qd2 0-0 9. g4 Bxg4 10. fxg4 Nxg4 11. Nb3 Nxe3 12. Qxe3 Nb4 13. 0-0-0 a5 14. Kb1 a4 15. Nd4 a3 16. b3 Qb6 17. Nd5 Nxd5 18. exd5 Rac8 19. c4 Be5 20. h4 h5 21. Be2 Kh7 22. Rhg1 Rg8 23. Nf5 Qxe3 24. Nxe3 f5 25. Nc2 Ra8 26. Nd4 Bf6 27. Rh1 Kg7 28. Bf3 Kf7 29. Kc2 Rac8 30. Kd3 Be5 31. Nb5 b6 32. Nd4 Rc5 33. Ne6 Rcc8 34. Rd2 b5 35. Rc2 bxc4+ 36. Rxc4 Rxc4 37. bxc4 Rb8 38. Bd1 Rb1 39. Bb3 Rxh1 40. c5 Rh3+ 41. Kc4 Rc3+ 42. Kb5 Rxb3+ 0-1

[Event "Titled Tuesday intern op 04th Oct Early"]
[Site "Chess.com INT"]
[Date "2022.10.04"]
[Round "8"]
[White "Terry, Renato"]
[Black "Gan Od, Sereenen"]
[Result "1-0"]
[WhiteElo "2516"]
[BlackElo "2320"]
[PlyCount "89"]
[EventDate "2022.10.04"]
[EventType "swiss (blitz)"]
[EventRounds "11"]
[EventCountry "USA"]
[SourceTitle "EXT 2023"]
[Source "ChessBase"]
[SourceDate "2022.10.05"]
[SourceVersion "1"]
[SourceVersionDate "2022.10.05"]
[SourceQuality "1"]

1. d4 Nf6 2. Bg5 e6 3. e4 d5 4. e5 h6 5. Be3 Nfd7 6. f4 c5 7. c3 Nc6 8. a3 cxd4 9. cxd4 a5 10. Nc3 g6 11. Nf3 Be7 12. Bd3 0-0 13. 0-0 Kg7 14. g4 f5 15. gxf5 gxf5 16. Kh1 Kh7 17. Rg1 Qe8 18. Qe2 Qf7 19. Rg3 Rg8 20. Rag1 Rxg3 21. Rxg3 Nf8 22. Rh3 Kg7 23. Rg3+ Kh7 24. Qg2 Bd7 25. Rh3 Qg6 26. Rg3 Qf7 27. Nb5 Rc8 28. Nd6 Bxd6 29. exd6 Ng6 30. Ne5 Ncxe5 31. fxe5 b5 32. Rh3 Qg7 33. Qg5 Kg8 34. Rxh6 Nf8 35. Qf4 b4 36. axb4 axb4 37. Rh3 Ra8 38. Rg3 Ra1+ 39. Kg2 Ng6 40. Qg5 Kf7 41. h4 Rd1 42. Be2 Re1 43. Kf2 Rh1 44. h5 Rh2+ 45. Ke1 1-0

[Event "Titled Tuesday intern op 27th Sep Early"]
[Site "Chess.com INT"]
[Date "2022.09.27"]
[Round "5"]
[White "Gan Od, Sereenen"]
[Black "Concio, Michael Jr"]
[Result "1-0"]
[WhiteElo "2320"]
[BlackElo "2373"]
[PlyCount "63"]
[EventDate "2022.09.27"]
[EventType "swiss (blitz)"]
[EventRounds "11"]
[EventCountry "USA"]
[SourceTitle "CBM 210 Extra"]
[Source "ChessBase"]
[SourceDate "2022.11.30"]
[SourceVersion "1"]
[SourceVersionDate "2022.11.30"]
[SourceQuality "1"]

1. c4 Nf6 2. Nc3 e5 3. e4 Bc5 4. d3 h6 5. Be2 Nc6 6. Nf3 a6 7. 0-0 d6 8. Be3 Bg4 9. Qd2 Qd7 10. Nd5 Bxf3 11. Nxf6+ gxf6 12. Bxf3 Nd4 13. Bxd4 Bxd4 14. Rab1 Ke7 15. g3 Rag8 16. Kg2 Rg6 17. Bh5 Rg5 18. Qe2 Rhg8 19. f4 exf4 20. Rxf4 Be5 21. Rf2 Bxg3 22. hxg3 Rxg3+ 23. Kh1 Qh3+ 24. Rh2 R8g5 25. d4 Re3 26. c5 Qg3 27. cxd6+ cxd6 28. Qf1 Rxe4 29. Bf3 Re3 30. Bxb7 Kf8 31. Bg2 Kg7 32. Rh3 1-0

[Event "Titled Tuesday intern op 30th Aug Early"]
[Site "Chess.com INT"]
[Date "2022.08.30"]
[Round "6"]
[White "Bacrot, Etienne"]
[Black "Gan Od, Sereenen"]
[Result "1-0"]
[WhiteElo "2648"]
[BlackElo "2320"]
[PlyCount "83"]
[EventDate "2022.08.30"]
[EventType "swiss (blitz)"]
[EventRounds "11"]
[EventCountry "USA"]
[SourceTitle "EXT 2023"]
[Source "ChessBase"]
[SourceDate "2022.10.05"]
[SourceVersion "1"]
[SourceVersionDate "2022.10.05"]
[SourceQuality "1"]

1. e4 e5 2. Nf3 Nc6 3. Bb5 a6 4. Ba4 Nf6 5. 0-0 b5 6. Bb3 Be7 7. Re1 0-0 8. c3 d5 9. exd5 e4 10. dxc6 exf3 11. Qxf3 Bg4 12. Qg3 Bd6 13. Qh4 Re8 14. Re3 Bf4 15. d4 g5 16. Qh6 Nd5 17. Bc2 Qf6 18. Qxf6 Nxf6 19. Na3 Nd5 20. Rxe8+ Rxe8 21. Bxf4 gxf4 22. Bb3 Nb6 23. f3 Bf5 24. Kf2 Kf8 25. Re1 Rxe1 26. Kxe1 Ke7 27. Kf2 f6 28. g3 fxg3+ 29. Kxg3 Kd6 30. Kf4 Bg6 31. Nc2 a5 32. Ne3 a4 33. Bg8 Kxc6 34. Ng4 f5 35. Ne3 Kd6 36. Nxf5+ Bxf5 37. Kxf5 c5 38. dxc5+ Kxc5 39. f4 Nc8 40. Ke6 Nd6 41. Bxh7 Ne4 42. Bxe4 1-0

[Event "Titled Tuesday intern op 30th Aug Early"]
[Site "Chess.com INT"]
[Date "2022.08.30"]
[Round "7"]
[White "Gan Od, Sereenen"]
[Black "Rosen, Eric S"]
[Result "1-0"]
[WhiteElo "2320"]
[BlackElo "2360"]
[PlyCount "171"]
[EventDate "2022.08.30"]
[EventType "swiss (blitz)"]
[EventRounds "11"]
[EventCountry "USA"]
[SourceTitle "EXT 2023"]
[Source "ChessBase"]
[SourceDate "2022.10.05"]
[SourceVersion "1"]
[SourceVersionDate "2022.10.05"]
[SourceQuality "1"]

1. d4 d5 2. c4 e6 3. Nc3 Nf6 4. cxd5 exd5 5. Bg5 c6 6. e3 Bf5 7. Qf3 Bg6 8. Bxf6 Qxf6 9. Qxf6 gxf6 10. Nge2 Nd7 11. Nf4 a5 12. h4 h6 13. Nxg6 fxg6 14. Bd3 Kf7 15. h5 g5 16. Bf5 Nb6 17. 0-0-0 Bb4 18. Ne2 a4 19. Ng3 Bd6 20. Bg6+ Ke6 21. Nf5 Bb4 22. Kc2 Nc4 23. Ng3 Nd6 24. a3 Ba5 25. f3 f5 26. e4 dxe4 27. fxe4 f4 28. d5+ Ke5 29. dxc6 fxg3 30. Rd5+ Ke6 31. cxb7 Rab8 32. Rxa5 Rxb7 33. Rxa4 Rf8 34. Rd1 Rf2+ 35. Kc3 Rbxb2 36. Ra6 Rfc2+ 37. Kd4 Rd2+ 38. Rxd2 Rxd2+ 39. Kc5 Rxg2 40. Rxd6+ Ke7 41. Rd3 Rc2+ 42. Kd5 g2 43. Rg3 Rd2+ 44. Ke5 Ra2 45. Bf5 Rd2 46. a4 Ra2 47. Kd5 Kf6 48. Bg6 Rd2+ 49. Kc4 Ke5 50. Bf5 Rd4+ 51. Kb5 Rd2 52. a5 Rb2+ 53. Kc4 Ra2 54. Kb4 Kf4 55. Rg4+ Kf3 56. e5 Re2 57. e6 Re5 58. Rxg2 Kxg2 59. Bg4 Kg3 60. a6 Kxg4 61. a7 Re4+ 62. Kb5 Rxe6 63. a8Q Kxh5 64. Kc4 Rf6 65. Kd4 Rf4+ 66. Ke3 Kg4 67. Ke2 h5 68. Qg2+ Kf5 69. Qh2 h4 70. Qh3+ Kg6 71. Qe6+ Kh5 72. Qe8+ Kg4 73. Qe6+ Kg3 74. Ke3 h3 75. Qh6 Rf3+ 76. Ke2 g4 77. Qd6+ Kg2 78. Qe6 Kg3 79. Qe5+ Kg2 80. Qe4 h2 81. Qxg4+ Rg3 82. Qe4+ Kh3 83. Qh7+ Kg2 84. Qe4+ Kh3 85. Qf5+ Kg2 86. Qf1# 1-0

[Event "Titled Tuesday intern op 23rd Aug Early"]
[Site "Chess.com INT"]
[Date "2022.08.23"]
[Round "8"]
[White "Adewumi, Tanitoluwa"]
[Black "Gan Od, Sereenen"]
[Result "0-1"]
[WhiteElo "2302"]
[BlackElo "2320"]
[PlyCount "188"]
[EventDate "2022.08.23"]
[EventType "swiss (blitz)"]
[EventRounds "11"]
[EventCountry "USA"]
[SourceTitle "EXT 2023"]
[Source "ChessBase"]
[SourceDate "2022.10.05"]
[SourceVersion "1"]
[SourceVersionDate "2022.10.05"]
[SourceQuality "1"]

1. e4 c5 2. Nf3 d6 3. Bb5+ Bd7 4. Bxd7+ Qxd7 5. c4 Nc6 6. Nc3 g6 7. d4 cxd4 8. Nxd4 Bg7 9. Be3 Nf6 10. f3 0-0 11. Rc1 Rfc8 12. b3 Qd8 13. 0-0 Nxd4 14. Bxd4 Nd7 15. Bxg7 Kxg7 16. Qd4+ f6 17. Nd5 Nc5 18. Nf4 a5 19. Rfd1 Qe8 20. Nd5 Qd8 21. Nf4 Qe8 22. Nd5 Qd8 23. Qe3 Ra6 24. a3 Rac6 25. Nf4 Qe8 26. b4 axb4 27. axb4 Na4 28. Ne6+ Kh8 29. Qb3 b5 30. c5 dxc5 31. bxc5 Nxc5 32. Nxc5 Rxc5 33. Rxc5 Rxc5 34. Qe6 Kg7 35. h3 b4 36. Qb6 Rb5 37. Qc7 b3 38. Rd8 Qf7 39. Rd1 b2 40. Rb1 Qe6 41. Qc2 Qb6+ 42. Kh2 Qd4 43. Qc6 Qd6+ 44. Qxd6 exd6 45. Kg3 Kf7 46. Kf4 Ke6 47. Ke3 g5 48. Kd4 Rb8 49. Kc3 Ke5 50. g3 h5 51. Kd3 h4 52. gxh4 gxh4 53. Ke3 Rb3+ 54. Ke2 Kf4 55. Kd2 Rb8 56. Kc2 Kg3 57. Rg1+ Kh2 58. Rb1 Kxh3 59. f4 Kg4 60. f5 Kf4 61. Rf1+ Ke5 62. Kb1 Kxe4 63. Rh1 Rh8 64. Kxb2 h3 65. Kc3 h2 66. Kd2 d5 67. Ke2 d4 68. Kf2 d3 69. Kg2 d2 70. Ra1 h1Q+ 71. Rxh1 Rxh1 72. Kf2 Rf1+ 73. Kg3 Rf3+ 74. Kg2 d1Q 75. Kh2 Qd6+ 76. Kg2 Qe7 77. Kh2 Qe8 78. Kg2 Qc8 79. Kh2 Qxf5 80. Kg2 Qg4+ 81. Kh2 Rf5 82. Kh1 Rg5 83. Kh2 f5 84. Kh1 f4 85. Kh2 f3 86. Kh1 f2 87. Kh2 Ke5 88. Kh1 Ke6 89. Kh2 Kf6 90. Kh1 Kg6 91. Kh2 Kh5 92. Kh1 Kh4 93. Kh2 Rh5 94. Kh1 Kg5# 0-1

[Event "Titled Tuesday intern op 23rd Aug Early"]
[Site "Chess.com INT"]
[Date "2022.08.23"]
[Round "4"]
[White "Gan Od, Sereenen"]
[Black "Yaksin, Oleg"]
[Result "1-0"]
[WhiteElo "2320"]
[BlackElo "2388"]
[PlyCount "89"]
[EventDate "2022.08.23"]
[EventType "swiss (blitz)"]
[EventRounds "11"]
[EventCountry "USA"]
[SourceTitle "EXT 2023"]
[Source "ChessBase"]
[SourceDate "2022.10.05"]
[SourceVersion "1"]
[SourceVersionDate "2022.10.05"]
[SourceQuality "1"]

1. c4 Nf6 2. Nf3 e6 3. g3 d5 4. Bg2 Be7 5. 0-0 0-0 6. b3 c6 7. Bb2 Nbd7 8. d3 b6 9. Nbd2 Bb7 10. Qc2 Rc8 11. Rad1 c5 12. e4 Qc7 13. e5 Ne8 14. cxd5 Bxd5 15. Rfe1 Qb7 16. Ne4 b5 17. Nfd2 a5 18. Rb1 Qa8 19. f4 Nb6 20. Qd1 a4 21. Qg4 g6 22. h4 axb3 23. axb3 f5 24. exf6 Nxf6 25. Nxf6+ Bxf6 26. Bxf6 Rxf6 27. Ne4 Bxe4 28. Bxe4 Nd5 29. h5 Kg7 30. Ra1 Qb7 31. hxg6 hxg6 32. Re2 c4 33. bxc4 bxc4 34. dxc4 Qb6+ 35. Rf2 Ne3 36. Qe2 Rxc4 37. Bf3 Rc2 38. Qe1 g5 39. Rb1 Qd4 40. Rb7+ Kg6 41. Rb4 Qc5 42. Be4+ Nf5 43. Bxc2 gxf4 44. Bxf5+ Kxf5 45. Qe4+ 1-0

[Event "Chess.com Bullet op1"]
[Site "Chess.com INT"]
[Date "2020.12.19"]
[Round "20"]
[White "Gan Od, Sereenen"]
[Black "Chung, Kevin"]
[Result "1-0"]
[WhiteElo "2320"]
[BlackElo "2070"]
[PlyCount "103"]
[EventDate "2020.12.19"]
[EventType "swiss (blitz)"]
[EventRounds "21"]
[EventCountry "USA"]
[SourceTitle "EXT 2022"]
[Source "ChessBase"]
[SourceDate "2021.10.06"]
[SourceVersion "1"]
[SourceVersionDate "2021.10.06"]
[SourceQuality "1"]

1. b3 e6 2. Bb2 d5 3. Nf3 Nf6 4. e3 Be7 5. Be2 0-0 6. 0-0 c5 7. c4 Nc6 8. cxd5 exd5 9. d4 Bg4 10. Nbd2 b6 11. h3 Bh5 12. Rc1 Rc8 13. Ne5 Bxe2 14. Qxe2 Qd6 15. Nxc6 Rxc6 16. Rfd1 Rfc8 17. Nf3 Ne4 18. dxc5 bxc5 19. Nd2 Nxd2 20. Qxd2 Rd8 21. Qe2 Bf6 22. Rc2 Bxb2 23. Rxb2 Qe5 24. Rbd2 Rcd6 25. Qb5 d4 26. exd4 Rxd4 27. Rxd4 Rxd4 28. Rxd4 Qe1+ 29. Kh2 Qe5+ 30. f4 Qc7 31. Qd7 Qxd7 32. Rxd7 h5 33. Rxa7 c4 34. bxc4 f6 35. h4 Kh7 36. f5 Kh6 37. Kg3 g5 38. fxg6 Kxg6 39. Ra5 f5 40. Kf4 Kh6 41. g3 Kh7 42. Rd5 Kh6 43. a4 Kg6 44. a5 Kh7 45. a6 Kg6 46. Rd6+ Kf7 47. Kxf5 Ke7 48. c5 Kf7 49. a7 Ke7 50. Kg5 Kf7 51. Kxh5 Ke7 52. Kg5 1-0

[Event "Chess.com Bullet op1"]
[Site "Chess.com INT"]
[Date "2020.12.19"]
[Round "10"]
[White "Gan Od, Sereenen"]
[Black "Fiorito, Fabian"]
[Result "1-0"]
[WhiteElo "2320"]
[BlackElo "2380"]
[PlyCount "81"]
[EventDate "2020.12.19"]
[EventType "swiss (blitz)"]
[EventRounds "21"]
[EventCountry "USA"]
[SourceTitle "EXT 2022"]
[Source "ChessBase"]
[SourceDate "2021.10.06"]
[SourceVersion "1"]
[SourceVersionDate "2021.10.06"]
[SourceQuality "1"]

1. Nf3 Nf6 2. d4 g6 3. Nc3 Bg7 4. Bg5 0-0 5. Qd2 d5 6. Bh6 Nbd7 7. h4 c5 8. h5 cxd4 9. Nxd4 e5 10. Nb3 d4 11. Nb1 Nb6 12. Bxg7 Kxg7 13. hxg6 fxg6 14. Qh6+ Kg8 15. e4 Qe7 16. f3 Be6 17. N1d2 Rac8 18. Bd3 Rc7 19. 0-0-0 Nbd7 20. Kb1 b6 21. g4 a5 22. Rdg1 a4 23. Nc1 Nc5 24. g5 Ne8 25. Rg2 Qg7 26. Qh2 Rff7 27. Qg1 b5 28. Rgh2 Qf8 29. Qf1 b4 30. b3 axb3 31. Ncxb3 Nd6 32. Nxc5 Rxc5 33. Nb3 Rcc7 34. Qe1 Nc4 35. Bxc4 Bxc4 36. Qd2 Bxb3 37. cxb3 Rxf3 38. Rc1 Rxc1+ 39. Kxc1 Rc3+ 40. Kb2 Qf1 41. Re2 1-0

[Event "Chess.com Bullet op1"]
[Site "Chess.com INT"]
[Date "2020.12.19"]
[Round "2"]
[White "Gan Od, Sereenen"]
[Black "Ivic, Velimir"]
[Result "0-1"]
[WhiteElo "2320"]
[BlackElo "2581"]
[PlyCount "130"]
[EventDate "2020.12.19"]
[EventType "swiss (blitz)"]
[EventRounds "21"]
[EventCountry "USA"]
[SourceTitle "EXT 2022"]
[Source "ChessBase"]
[SourceDate "2021.10.06"]
[SourceVersion "1"]
[SourceVersionDate "2021.10.06"]
[SourceQuality "1"]

1. Nf3 Nf6 2. d4 g6 3. Nc3 Bg7 4. g3 d5 5. Bg2 0-0 6. 0-0 c6 7. Bf4 Bf5 8. Ne5 Nbd7 9. Re1 Nxe5 10. Bxe5 Qb6 11. Rb1 Rac8 12. a3 Rfd8 13. e3 Ne4 14. Bxg7 Kxg7 15. Nxe4 Bxe4 16. Bxe4 dxe4 17. c4 c5 18. d5 e6 19. Qd2 exd5 20. cxd5 Qf6 21. Rbd1 Rd6 22. Qc3 b6 23. Qc4 Rcd8 24. Rd2 Qe5 25. Red1 h5 26. a4 h4 27. b3 hxg3 28. hxg3 Rh8 29. Qf1 Kf8 30. a5 g5 31. axb6 axb6 32. Qg2 Qf5 33. Ra2 Rxd5 34. Ra8+ Kg7 35. Rxd5 Qxd5 36. Rxh8 Kxh8 37. Qh3+ Kg7 38. Qg4 Kf6 39. Qh5 Qxb3 40. Qh6+ Ke7 41. Qxg5+ Kd7 42. Qf5+ Qe6 43. Qf4 c4 44. Qb8 Qc6 45. Qa7+ Ke6 46. Qa2 Kf6 47. Qa1+ c3 48. Kg2 Kg6 49. Qd1 c2 50. Qg4+ Kf6 51. Qf4+ Ke7 52. Qg4 c1Q 53. Qg5+ Qf6 54. Qg4 Qf3+ 55. Qxf3 exf3+ 56. Kxf3 Qd1+ 57. Kg2 b5 58. g4 b4 59. Kg3 b3 60. g5 b2 61. Kf4 b1Q 62. f3 Qg6 63. e4 Qd2+ 64. Kg4 Qdxg5+ 65. Kh3 Qg3# 0-1

[Event "Chess.com Bullet op1"]
[Site "Chess.com INT"]
[Date "2020.12.19"]
[Round "1"]
[White "Gan Od, Sereenen"]
[Black "Jakubowska, Anna"]
[Result "1-0"]
[WhiteElo "2320"]
[BlackElo "2073"]
[PlyCount "117"]
[EventDate "2020.12.19"]
[EventType "swiss (blitz)"]
[EventRounds "21"]
[EventCountry "USA"]
[SourceTitle "EXT 2022"]
[Source "ChessBase"]
[SourceDate "2021.10.06"]
[SourceVersion "1"]
[SourceVersionDate "2021.10.06"]
[SourceQuality "1"]

1. Nf3 d5 2. g3 c6 3. Bg2 Nf6 4. 0-0 Bg4 5. c4 Bxf3 6. Bxf3 e6 7. cxd5 exd5 8. b3 Nbd7 9. Bb2 Bd6 10. Bg2 0-0 11. Nc3 Re8 12. e3 Ne5 13. d4 Ng6 14. a3 h5 15. b4 h4 16. Ne2 hxg3 17. hxg3 Ne4 18. Qc2 Qd7 19. Qd1 Rac8 20. Rc1 b6 21. Nf4 Nxf4 22. exf4 Be7 23. Qd3 Bf6 24. Rc2 Nd6 25. Re2 Qf5 26. Qxf5 Nxf5 27. Rd2 Re7 28. Bh3 g6 29. g4 Nh4 30. g5 Nf3+ 31. Kg2 Nxd2 32. gxf6 Ree8 33. Bxc8 Nxf1 34. Bd7 Rd8 35. Bxc6 Nd2 36. b5 Nc4 37. Bc3 Nd6 38. Bb4 Ne4 39. Be7 Rc8 40. Bxd5 Nc3 41. Bc6 Nb1 42. d5 Nc3 43. d6 Nxb5 44. Bxb5 Rc5 45. d7 Rd5 46. d8Q+ Rxd8 47. Bxd8 Kh7 48. Bxb6 Kh6 49. Bxa7 Kh5 50. Be3 Kg4 51. Be2+ Kf5 52. Bd3+ Kxf6 53. Kf3 Ke6 54. Bd4 f6 55. Bc4+ Ke7 56. Bxf6+ Kxf6 57. Kg4 g5 58. fxg5+ Kg6 59. Bd3+ 1-0

[Event "Chess.com Bullet op2"]
[Site "Chess.com INT"]
[Date "2020.12.19"]
[Round "8"]
[White "Gan Od, Sereenen"]
[Black "Starozhilov, Leonid"]
[Result "1-0"]
[WhiteElo "2320"]
[BlackElo "2318"]
[PlyCount "105"]
[EventDate "2020.12.19"]
[EventType "swiss (blitz)"]
[EventRounds "21"]
[EventCountry "USA"]
[SourceTitle "EXT 2022"]
[Source "ChessBase"]
[SourceDate "2021.10.06"]
[SourceVersion "1"]
[SourceVersionDate "2021.10.06"]
[SourceQuality "1"]

1. b3 d5 2. Bb2 Bg4 3. Nf3 Bxf3 4. gxf3 e6 5. h4 Nf6 6. h5 Nbd7 7. h6 g6 8. d3 Be7 9. Nd2 c6 10. e4 0-0 11. Qe2 a5 12. a4 Re8 13. Rg1 Qc7 14. Qe3 Nh5 15. f4 Bf6 16. e5 Be7 17. Qf3 Kh8 18. Bh3 Rg8 19. Bg4 Bb4 20. Bxh5 gxh5 21. 0-0-0 Rg6 22. Qxh5 Rag8 23. Rxg6 hxg6 24. Qh4 Qd8 25. Qh3 Kh7 26. Nf3 Be7 27. Rg1 Qf8 28. Ng5+ Bxg5 29. fxg5 b5 30. Qh4 Nb6 31. Qd4 c5 32. Qf4 bxa4 33. Rg3 axb3 34. cxb3 c4 35. Rf3 f5 36. exf6 Qf7 37. Qd6 Nd7 38. Qe7 Rf8 39. Re3 cxd3 40. Rxe6 Kg8 41. Qd6 Rc8+ 42. Kd1 Nc5 43. Re7 Ne4 44. Qe5 Nxf2+ 45. Kd2 Ne4+ 46. Kxd3 Nc5+ 47. Ke2 Ne4 48. Rxf7 Re8 49. Re7 Rf8 50. Rg7+ Kh8 51. f7 Rxf7 52. Rg8+ Kxg8 53. Qe8+ 1-0

[Event "Chess.com Bullet op1"]
[Site "Chess.com INT"]
[Date "2020.12.19"]
[Round "15"]
[White "Gan Od, Sereenen"]
[Black "Zhukov, Maksim"]
[Result "1-0"]
[WhiteElo "2320"]
[BlackElo "2097"]
[PlyCount "57"]
[EventDate "2020.12.19"]
[EventType "swiss (blitz)"]
[EventRounds "21"]
[EventCountry "USA"]
[SourceTitle "EXT 2022"]
[Source "ChessBase"]
[SourceDate "2021.10.06"]
[SourceVersion "1"]
[SourceVersionDate "2021.10.06"]
[SourceQuality "1"]

1. d4 Nf6 2. Nf3 g6 3. Nc3 Bg7 4. Bg5 0-0 5. Qd2 d6 6. Bh6 Nbd7 7. h4 c5 8. dxc5 Nxc5 9. h5 Nxh5 10. Rxh5 e5 11. Bxg7 Kxg7 12. Qh6+ Kf6 13. Qg5+ Kg7 14. Qh6+ Kf6 15. Rh1 Qa5 16. 0-0-0 Ne4 17. Qh4+ Ke6 18. Qxe4 f5 19. Ng5+ Kf6 20. Nxh7+ Kg7 21. Qh4 Be6 22. Qh6+ Kf7 23. Ng5+ Kf6 24. Nxe6 Rh8 25. Qg5+ Kxe6 26. Qxg6+ Kd7 27. Qxd6+ Kc8 28. Rxh8+ Qd8 29. Rxd8# 1-0

[Event "Chess.com Bullet op1"]
[Site "Chess.com INT"]
[Date "2020.12.19"]
[Round "18"]
[White "Itgelt, Khuyagtsogt"]
[Black "Gan Od, Sereenen"]
[Result "1-0"]
[WhiteElo "2184"]
[BlackElo "2320"]
[PlyCount "121"]
[EventDate "2020.12.19"]
[EventType "swiss (blitz)"]
[EventRounds "21"]
[EventCountry "USA"]
[SourceTitle "EXT 2022"]
[Source "ChessBase"]
[SourceDate "2021.10.06"]
[SourceVersion "1"]
[SourceVersionDate "2021.10.06"]
[SourceQuality "1"]

1. c4 Nf6 2. Nc3 g6 3. e4 Bg7 4. e5 Ng8 5. d4 d6 6. exd6 cxd6 7. Nf3 Nf6 8. Be2 0-0 9. 0-0 Nc6 10. Bg5 Bg4 11. Re1 Bxf3 12. Bxf3 Rc8 13. Rc1 Nd7 14. Bxc6 bxc6 15. Bxe7 Qc7 16. Bxf8 Rxf8 17. Qd3 Qb6 18. b3 Bxd4 19. Ne4 Nf6 20. c5 dxc5 21. Nxf6+ Bxf6 22. Qd7 Bd4 23. Re8 Rxe8 24. Qxe8+ Kg7 25. Qe2 Qc7 26. g3 Qd6 27. Kg2 h5 28. Qf3 a5 29. h4 Qd7 30. Re1 a4 31. bxa4 c4 32. Rd1 c5 33. a5 c3 34. Qxc3 Qb7+ 35. Qf3 Qa6 36. Qd5 Qe2 37. Rxd4 cxd4 38. Qxd4+ Kh7 39. Qd5 Kg7 40. Qc6 Qd2 41. a6 Qxa2 42. Qb7 Qa5 43. a7 Qe5 44. a8Q Qf6 45. Qd5 Kh7 46. Qac6 Qg7 47. Qc8 Kh6 48. Qdd8 Kh7 49. Qg5 f6 50. Qgc5 f5 51. Q5c7 Kh6 52. Qxg7+ Kxg7 53. Qd7+ Kh6 54. f4 g5 55. hxg5+ Kg6 56. Qe6+ Kg7 57. Qxf5 Kg8 58. Qf6 Kh7 59. g6+ Kg8 60. Qf7+ Kh8 61. Qh7# 1-0